| 000 | 00387nam a2200133Ia 4500 | ||
|---|---|---|---|
| 003 | GCL | ||
| 008 | 140319s9999 xx 000 0 ara d | ||
| 040 |
_aGCL / _cGCL |
||
| 082 | 0 | 4 |
_a920.710 _bخ ج |
| 245 | 1 | 0 | _aالجوهر الاسنى فى تراجم علماء وشعراء بوسنه |
| 260 |
_a[S.N] : _bهجر للطباعة والنشر ، _c1992 |
||
| 300 | _a295 ص | ||
| 490 | _a | ||
| 999 |
_c35549 _d35549 |
||